Clinical pharmacology for nurses.

Bibliographic Details
Corporate Author: Churchill Livingstone
Other Authors: Gould, Dinah, Trounce, John
Format: Book
Language:English
Published: New York : Churchill Livingstone, c1997
Edition:5th ed.
Subjects:
LEADER 00936nam a2200277 a 4500
001 GR-Patra11031
008 991022s nyu 000 b eng d
020 |a 0443054576 
040 |a GrPaTEI  |b gre  |c GR-PaULI 
245 0 0 |a Clinical pharmacology for nurses. 
250 |a 5th ed. 
260 |a New York :  |b Churchill Livingstone,  |c c1997 
300 |a 367σ. :  |b εικ. 
650 0 |a NURSING 
650 0 |a PHARMACOLOGY 
650 4 |a ΙΑΤΡΙΚΗ 
650 4 |a Νοσηλευτική 
650 4 |a ΦΑΡΜΑΚΟΛΟΓΙΑ 
650 4 |a ΦΑΡΜΑΚΟΛΟΓΙΑ 
700 1 |a Gould, Dinah 
700 1 |a Trounce, John 
710 0 |a Churchill Livingstone 
942 |2 ddc 
952 |0 0  |1 0  |2 ddc  |4 0  |6 615_100000000000000_TRO  |7 0  |9 291677  |a LISK  |b LISK  |c BSC  |d 2021-01-17  |e 24  |f 0  |g 0.00  |l 0  |o 615.1 TRO  |p 92410014071  |r 2021-01-17 00:00:00  |t 1  |w 2021-01-17  |y BK15  |x 19991024 0 1  |x GrPaTEI 
971 |a .b26585467  |b 15-04-20  |c 23-09-16 
999 |c 170350  |d 170350